[Event "Cracovia 2009"]
[Site "Krakow"]
[Date "2010.01.03"]
[Round "8.27"]
[White "Tantsiura, Marja"]
[Black "Jussupow, Alexander"]
[Result "0-1"]
[WhiteElo "1995"]
[BlackElo "2110"]
[PlyCount "86"]
[EventDate "2009.??.??"]

1. e4 {[%emt 0:00:00]} g6 2. d4 Bg7 3. Nc3 d6 4. Be3 a6 5. Qd2 Nd7 6. Be2 b5 7.
a3 Bb7 8. Nf3 c5 9. O-O cxd4 10. Nxd4 Ngf6 11. Bf3 Ne5 12. Bh6 O-O 13. Kh1 Nc4
14. Qg5 Bxh6 15. Qxh6 e5 16. Nde2 Nxb2 17. Rab1 Nc4 18. a4 Bc6 19. axb5 axb5
20. Nxb5 Bxe4 21. Rb3 Bxf3 22. Rxf3 Ng4 23. Qc1 Qb6 24. Nbc3 f5 25. Qd1 Ra5 26.
Nd5 Qa7 27. Nec3 e4 28. Rf4 Nge5 29. h4 Qg7 30. f3 exf3 31. gxf3 Kh8 32. Qe2
Re8 33. Rg1 Qf7 34. Rd4 Rc5 35. Rgd1 Qb7 36. Rb1 Qg7 37. Rbd1 Qh6 38. Na4 Rxd5
39. Rxd5 Qxh4+ 40. Kg2 f4 41. Rxd6 Ne3+ 42. Kg1 Qg3+ 43. Kh1 Qh3+ 0-1

[Event "Cracovia 2009"]
[Site "Krakow"]
[Date "2010.01.03"]
[Round "8.28"]
[White "Korosciel, Aneta"]
[Black "Gosciniak, Maria"]
[Result "0-1"]
[WhiteElo "2030"]
[BlackElo "2188"]
[PlyCount "120"]
[EventDate "2009.??.??"]

1. e4 {[%emt 0:00:00]} Nf6 2. e5 Nd5 3. d4 d6 4. Nf3 Bg4 5. Be2 e6 6. O-O Be7
7. exd6 cxd6 8. Na3 O-O 9. Nc4 Nc6 10. Ne3 Nxe3 11. Bxe3 Bxf3 12. Bxf3 d5 13.
Qd2 b5 14. c3 Qb6 15. Be2 Na5 16. Bd3 b4 17. cxb4 Bxb4 18. Qe2 Be7 19. Rfc1
Rfc8 20. Rc2 g6 21. Rac1 Rc6 22. Rxc6 Nxc6 23. Bb5 Nxd4 24. Bxd4 Qxd4 25. g3
Bf6 26. b3 Rb8 27. Bd7 Qe5 28. Qa6 Qb2 29. Rf1 Bd4 30. Kg2 Bb6 31. Qa4 Rd8 32.
Qc6 Qxa2 33. Bxe6 Qxb3 34. Bg4 Qb2 35. Bf3 d4 36. Bd5 Qc3 37. Qb7 Qc7 38. Qxc7
Bxc7 39. Bb3 d3 40. Rd1 Be5 41. Kf3 d2 42. Ke2 Bc3 43. Rb1 a5 44. Bd1 Bb4 45.
Ba4 Kg7 46. Bd1 Kf6 47. Rb3 Re8+ 48. Kd3 Ke5 49. Kc2 Rc8+ 50. Kd3 Rc1 51. Ke2
Rc3 52. Rb2 Ra3 53. Rb1 Kd4 54. Rb2 f5 55. h4 h6 56. Rb1 Kc4 57. Rb2 a4 58.
Rc2+ Bc3 59. Ke3 Ra1 60. Ke2 a3 0-1

[Event "Cracovia 2009"]
[Site "Krakow"]
[Date "2010.01.03"]
[Round "8.29"]
[White "Zysko, Jan"]
[Black "Motyl, Tomasz"]
[Result "1-0"]
[WhiteElo "2205"]
[BlackElo "2022"]
[PlyCount "120"]
[EventDate "2009.??.??"]

1. e4 g6 2. d4 d6 3. Nf3 Bg7 4. Nc3 a6 5. Be3 b5 6. a4 b4 7. Na2 Nf6 8. Bd3 Bb7
9. Nd2 a5 10. c3 bxc3 11. Nxc3 O-O 12. O-O Na6 13. f3 Nb4 14. Bb5 c6 15. Be2
Ba6 16. Bxa6 Rxa6 17. Nb3 Qa8 18. Na2 Nxa2 19. Rxa2 Rb8 20. Bd2 Nd7 21. Bc3 Qa7
22. Kh1 Qb6 23. Ra3 c5 24. Qd2 cxd4 25. Nxd4 Nc5 26. Rb1 e5 27. Nc2 Nb3 28. Qd3
Ra7 29. Ne3 Rab7 30. Rd1 Qc5 31. Nd5 Bh6 32. g3 Nc1 33. Qa6 Qf2 34. Rf1 Qe2 35.
Qxe2 Nxe2 36. Bxa5 Rxb2 37. Bc7 R8b3 38. Rxb3 Rxb3 39. Bxd6 Nd4 40. Kg2 Nc2 41.
Bxe5 Bd2 42. g4 f5 43. gxf5 gxf5 44. Ne7+ Kf7 45. Nxf5 Ra3 46. Kg3 Rxa4 47. Rd1
Bg5 48. h4 Bf6 49. Bxf6 Kxf6 50. Rd6+ Ke5 51. Rd5+ Kf6 52. Kf4 Ne1 53. Rd1 Nc2
54. Rd6+ Kf7 55. Rd7+ Kg8 56. h5 Ne1 57. Rd1 Nc2 58. Rd8+ Kf7 59. Rd7+ Kg8 60.
h6 Ra3 1-0

[Event "Cracovia 2009"]
[Site "Krakow"]
[Date "2010.01.03"]
[Round "8.30"]
[White "Jussupow, Ekaterina"]
[Black "Andrzejewska, Anna"]
[Result "1/2-1/2"]
[WhiteElo "2153"]
[BlackElo "2007"]
[PlyCount "99"]
[EventDate "2009.??.??"]

1. e4 {[%emt 0:00:00]} e5 2. Nf3 Nc6 3. d4 exd4 4. Nxd4 Nf6 5. Nxc6 bxc6 6. Bg5
Be7 7. f3 O-O 8. Bd3 d5 9. Nd2 Be6 10. O-O Nd7 11. Bxe7 Qxe7 12. c3 a5 13. Bc2
Qc5+ 14. Kh1 Qb6 15. Rb1 f5 16. Nb3 fxe4 17. Nd4 Rae8 18. fxe4 Rxf1+ 19. Qxf1
Bf7 20. exd5 Nf6 21. b3 cxd5 22. Re1 Rxe1 23. Qxe1 Qc5 24. h3 h6 25. Bb1 Qd6
26. Qe3 Qd7 27. Bf5 Qe8 28. Qxe8+ Bxe8 29. Ne6 Bd7 30. Nd4 Bxf5 31. Nxf5 Kf7
32. Nd4 Ne4 33. Ne2 Kf6 34. g4 Ke5 35. Kg2 c5 36. Kf3 Ng5+ 37. Ke3 Nxh3 38. Ng3
g6 39. Ne2 h5 40. gxh5 gxh5 41. a3 Ng5 42. b4 cxb4 43. cxb4 axb4 44. axb4 Ne6
45. b5 d4+ 46. Kf3 d3 47. Nc3 Kd4 48. Nd1 Kc5 49. Ke3 Kxb5 50. Kxd3 1/2-1/2

[Event "Cracovia 2009"]
[Site "Krakow"]
[Date "2010.01.03"]
[Round "8.31"]
[White "Rago, Riccardo"]
[Black "Staroszczyk, Mateusz"]
[Result "1/2-1/2"]
[WhiteElo "2105"]
[BlackElo "2044"]
[PlyCount "78"]
[EventDate "2009.??.??"]

1. e4 g6 2. Nf3 Bg7 3. d4 d6 4. Nc3 Nd7 5. Bc4 e6 6. Bg5 Ne7 7. Qd2 h6 8. Be3
a6 9. a4 b6 10. h3 Bb7 11. Bb3 Nf6 12. d5 e5 13. Nh2 Qd7 14. f3 g5 15. g4 Ng6
16. Nf1 Bc8 17. Ng3 Qe7 18. Kf2 Nf4 19. Nf5 Bxf5 20. exf5 Kf8 21. Rae1 Nd7 22.
Ne4 Bf6 23. Bxf4 gxf4 24. Kg2 Bh4 25. Re2 Nf6 26. Nxf6 Qxf6 27. Qc3 Ra7 28. Re4
Kg7 29. Rc4 Rc8 30. Rc6 Qd8 31. Bc4 Qd7 32. Bd3 Rb8 33. b4 Qe7 34. Be4 Rbb7 35.
Kf1 Qf6 36. Ke2 Kf8 37. Qd2 Qe7 38. Rc3 a5 39. b5 Qf6 1/2-1/2

[Event "Cracovia 2009"]
[Site "Krakow"]
[Date "2010.01.03"]
[Round "8.32"]
[White "Shilov, Sergej"]
[Black "Gluszko, Monika"]
[Result "1/2-1/2"]
[WhiteElo "2267"]
[BlackElo "1983"]
[PlyCount "159"]
[EventDate "2009.??.??"]

1. e4 c5 2. f4 d5 3. exd5 Qxd5 4. Nc3 Qd8 5. Nf3 g6 6. Ne5 Nd7 7. Qf3 Bg7 8.
Nxd7 Bxd7 9. Qxb7 Nf6 10. Bb5 O-O 11. Bxd7 Nxd7 12. O-O e5 13. f5 gxf5 14. Rxf5
Nf6 15. d3 Qd4+ 16. Kh1 c4 17. Qf3 cxd3 18. Be3 Qd6 19. cxd3 Qxd3 20. Rd1 Qa6
21. Rf1 Rab8 22. Qg3 Kh8 23. Bh6 Bxh6 24. Rxf6 Rb6 25. R6f2 Bf4 26. Qf3 Rd6 27.
g3 Rd3 28. Qe4 f5 29. Qe2 Qc6+ 30. Rf3 Rd2 31. Qb5 Qxb5 32. Nxb5 Rxb2 33. Nxa7
Rxa2 34. Nc6 Rc8 35. Nb4 Ra4 36. Nd5 Rd8 37. Ne7 Bg5 38. Nc6 Rd2 39. R3f2 e4
40. Rxd2 Bxd2 41. Rxf5 e3 42. Re5 Kg7 43. Kg2 Kf6 44. Re8 Rc4 45. Nb8 Rc2 46.
Nd7+ Kf7 47. Re4 Bc1+ 48. Kh3 e2 49. Ne5+ Kg7 50. Nf3 Rc3 51. Ng1 Re3 52. Rxe3
Bxe3 53. Nxe2 Kg6 54. Kg4 h5+ 55. Kf3 Bb6 56. Nf4+ Kg5 57. Nd5 Bg1 58. h3 Bc5
59. Nf4 Bd6 60. Ng2 Bb8 61. Ne3 Bc7 62. Ng2 Bb8 63. Ne1 Bc7 64. Nd3 Bb8 65. Nc5
Kf5 66. Nd3 Kg5 67. h4+ Kg6 68. Nf4+ Kh6 69. Ke4 Ba7 70. Nd3 Bb8 71. Kf3 Bc7
72. g4 hxg4+ 73. Kxg4 Bd8 74. h5 Be7 75. Nf4 Bd6 76. Nd3 Bb8 77. Nc1 Bf4 78.
Nb3 Be5 79. Nc5 Ba1 80. Ne4 1/2-1/2

[Event "Cracovia 2009"]
[Site "Krakow"]
[Date "2010.01.03"]
[Round "8.33"]
[White "Jussupow, Nadia"]
[Black "Zajac, Mateusz"]
[Result "1-0"]
[WhiteElo "2178"]
[BlackElo "1839"]
[PlyCount "101"]
[EventDate "2009.??.??"]

1. d4 c5 2. e3 cxd4 3. exd4 d5 4. Bd3 Nc6 5. c3 Nf6 6. Bf4 Qb6 7. Qc2 Bg4 8. h3
Bh5 9. Nd2 Rc8 10. Qb3 e6 11. Ngf3 Bg6 12. Bb5 Be7 13. Ne5 O-O 14. Nxg6 hxg6
15. Bd3 Na5 16. Qxb6 axb6 17. O-O Nc4 18. Nxc4 dxc4 19. Be2 Nd5 20. Bg3 Rfd8
21. Rfe1 Bd6 22. Bh4 Be7 23. Bxe7 Nxe7 24. Bf3 Nd5 25. Re5 Ra8 26. a3 Ra5 27.
Rc1 Rd7 28. g3 Kf8 29. h4 Ke7 30. Rce1 Kf6 31. Kg2 Rb5 32. R1e2 Ra5 33. Kf1 Ke7
34. h5 gxh5 35. Rxh5 Rd8 36. Ke1 g6 37. Rh7 Kf6 38. Kd2 Ra7 39. Re1 Ne7 40.
Reh1 e5 41. Rh8 Ng8 42. Kc2 b5 43. R1h7 exd4 44. cxd4 b4 45. axb4 b5 46. Bc6
Rb8 47. Kc3 Rc7 48. d5 Ke5 49. Rg7 Rcc8 50. Rxf7 Nf6 51. f4+ 1-0

[Event "Cracovia 2009"]
[Site "Krakow"]
[Date "2010.01.03"]
[Round "8.34"]
[White "Grabowski, Adam"]
[Black "Watorek, Marcin"]
[Result "1-0"]
[WhiteElo "1924"]
[BlackElo "2133"]
[PlyCount "92"]
[EventDate "2009.??.??"]

1. e4 c5 2. Nf3 d6 3. d4 cxd4 4. Nxd4 Nf6 5. Nc3 Nc6 6. Bc4 e6 7. O-O Be7 8.
Bg5 a6 9. Bb3 O-O 10. Kh1 Qc7 11. a4 Na5 12. f4 Bd7 13. Qe1 Nxb3 14. Nxb3 Bc6
15. Nd4 Rab8 16. Qh4 Rfe8 17. Nxc6 bxc6 18. e5 dxe5 19. fxe5 Qxe5 20. Rae1 Qa5
21. Bxf6 Bxf6 22. Rxf6 gxf6 23. Ne4 Red8 24. Nxf6+ Kg7 25. Rf1 Rb7 26. Nh5+ Kf8
27. Qf6 Rdb8 28. Qg7+ Ke8 29. Nf6+ Ke7 30. Nxh7 Kd6 31. Qg3+ e5 32. Rf6+ Ke7
33. Rf5 Rxb2 34. Rxe5+ Kd8 35. Qd3+ Kc8 36. Re8+ Kc7 37. Re7+ Kb6 38. Qd4+ Qc5
39. Qxb2+ Ka5 40. Qxb8 Qxe7 41. h3 Kxa4 42. Qb3+ Ka5 43. Qc3+ Qb4 44. Qa1+ Kb5
45. Ng5 Qc4 46. Qb2+ Kc5 1-0

[Event "Cracovia 2009"]
[Site "Krakow"]
[Date "2010.01.03"]
[Round "8.35"]
[White "Llaneza Vega, Victor"]
[Black "Kondopoulos, Dimitrios"]
[Result "1-0"]
[WhiteElo "2045"]
[BlackElo "2061"]
[PlyCount "61"]
[EventDate "2009.??.??"]

1. e4 e5 2. Nf3 Nc6 3. Bb5 f5 4. Nc3 fxe4 5. Nxe4 Nf6 6. Bxc6 bxc6 7. Nxf6+
gxf6 8. Nh4 d5 9. Qh5+ Kd7 10. Ng6 Qe8 11. Qf5+ Qe6 12. Qxe6+ Kxe6 13. Nxh8 c5
14. d3 Bg7 15. f4 Bxh8 16. fxe5 fxe5 17. O-O Bg7 18. Bg5 Rb8 19. b3 h6 20. Bh4
Ba6 21. c4 Bb7 22. cxd5+ Bxd5 23. Rac1 Rb5 24. Bf2 Kd6 25. Be3 c6 26. Bxh6 Bxh6
27. Rf6+ Kc7 28. Rxh6 Kb6 29. Re1 a5 30. Rxe5 Kc7 31. Re7+ 1-0

[Event "Cracovia 2009"]
[Site "Krakow"]
[Date "2010.01.04"]
[Round "9.2"]
[White "Czarnota, Pawel"]
[Black "Dworakowska, Joanna"]
[Result "1-0"]
[WhiteElo "2528"]
[BlackElo "2361"]
[PlyCount "89"]
[EventDate "2009.??.??"]

1. d4 d5 2. c4 c6 3. Nf3 Nf6 4. e3 Bf5 5. Nc3 e6 6. Nh4 Bg4 7. Qb3 Qc7 8. h3
Bh5 9. Bd2 Be7 10. g4 dxc4 11. Bxc4 Bg6 12. Nxg6 hxg6 13. O-O-O Nbd7 14. f4 Nd5
15. Kb1 b5 16. Bd3 a5 17. Nxd5 exd5 18. Rc1 Qb7 19. Qc2 c5 20. dxc5 Nxc5 21. f5
g5 22. Bc3 f6 23. Bd4 Rc8 24. e4 Kd7 25. e5 fxe5 26. Bxe5 Bf6 27. Bxf6 gxf6 28.
Qe2 Kd6 29. Bxb5 Ne4 30. Ba6 Rxc1+ 31. Rxc1 Qb6 32. Bb5 Ke7 33. Qd3 Rd8 34. a4
Qf2 35. Rc7+ Kd6 36. Rc6+ Ke5 37. Re6+ Kf4 38. Rxe4+ dxe4 39. Qxd8 Kg3 40. Qxf6
e3 41. Qe5+ Qf4 42. Qe6 Kh4 43. f6 e2 44. Qxe2 Qe3 45. f7 1-0

[Event "Cracovia 2009"]
[Site "Krakow"]
[Date "2010.01.04"]
[Round "9.3"]
[White "Sharapov, Evgeny"]
[Black "Warakomski, Tomasz"]
[Result "0-1"]
[WhiteElo "2521"]
[BlackElo "2485"]
[PlyCount "57"]
[EventDate "2009.??.??"]

1. e4 g6 2. d4 Bg7 3. Nc3 c6 4. Bc4 d6 5. Qf3 e6 6. Nge2 b5 7. Bb3 a5 8. a3 Ba6
9. d5 cxd5 10. exd5 e5 11. Ne4 h6 12. g4 Nf6 13. N2g3 Bc8 14. h4 Nxg4 15. h5 f5
16. hxg6 O-O 17. Nc3 e4 18. Qe2 Bd4 19. Nd1 Nd7 20. Bxh6 Nde5 21. Bxf8 Nf3+ 22.
Kf1 f4 23. Qxf3 exf3 24. g7 Bxg7 25. Bxg7 Kxg7 26. Nh5+ Kf7 27. Nxf4 Bf5 28.
Ne6 Qf6 29. Ne3 0-1

[Event "Cracovia 2009"]
[Site "Krakow"]
[Date "2010.01.04"]
[Round "9.4"]
[White "Cyborowski, Lukasz"]
[Black "Panocki, Adrian"]
[Result "1-0"]
[WhiteElo "2517"]
[BlackElo "2353"]
[PlyCount "77"]
[EventDate "2009.??.??"]

1. Nf3 Nf6 2. c4 g6 3. Nc3 Bg7 4. g3 O-O 5. Bg2 d6 6. O-O e5 7. d3 Nc6 8. Rb1
a5 9. a3 h6 10. b4 axb4 11. axb4 Be6 12. b5 Ne7 13. d4 Bxc4 14. dxe5 dxe5 15.
Nxe5 Nfd5 16. Qd4 Nxc3 17. Qxc3 Bxe2 18. Re1 Bg4 19. Bxh6 Bxh6 20. Nxg4 Bg7 21.
Qc5 Nf5 22. Bxb7 Ra4 23. Ne5 Nd6 24. Bd5 Bxe5 25. Rxe5 Ra5 26. Qc3 Qf6 27. Qxa5
Qxe5 28. Bc6 Nc4 29. Qb4 Nb6 30. Re1 Qd6 31. Qc3 Rd8 32. Re4 Qf8 33. h4 Nc8 34.
h5 Qg7 35. Qf3 g5 36. Kg2 Qh6 37. Re5 Nd6 38. Qe3 f6 39. Re7 1-0

[Event "Cracovia 2009"]
[Site "Krakow"]
[Date "2010.01.04"]
[Round "9.5"]
[White "Rudolf, Michal"]
[Black "Strzemiecki, Zbigniew"]
[Result "0-1"]
[WhiteElo "2381"]
[BlackElo "2333"]
[PlyCount "62"]
[EventDate "2009.??.??"]

1. e4 e6 2. d4 d5 3. Nc3 Bb4 4. exd5 exd5 5. Qf3 Nc6 6. Bb5 Nge7 7. Bf4 a6 8.
Bxc6+ bxc6 9. Nge2 O-O 10. O-O-O Be6 11. g4 Qd7 12. Rhg1 c5 13. a3 cxd4 14.
axb4 dxc3 15. Qxc3 Rfc8 16. Nd4 a5 17. Nf5 Bxf5 18. gxf5 Nxf5 19. b5 d4 20. Be5
g6 21. Qf3 Re8 22. Bxc7 Qxb5 23. Rge1 a4 24. Re5 Rxe5 25. Bxe5 Rd8 26. Qf4 Qc5
27. Rd3 Rc8 28. c3 a3 29. Bxd4 Nxd4 30. Qxd4 a2 31. Qa4 Qc4 0-1

[Event "Cracovia 2009"]
[Site "Krakow"]
[Date "2010.01.04"]
[Round "9.6"]
[White "Krzyzanowski, Marcin"]
[Black "Khaetsky, Roman"]
[Result "1/2-1/2"]
[WhiteElo "2333"]
[BlackElo "2375"]
[PlyCount "78"]
[EventDate "2009.??.??"]

1. e4 Nc6 2. Nf3 d5 3. exd5 Qxd5 4. Nc3 Qa5 5. Bb5 Bd7 6. O-O a6 7. Bxc6 Bxc6
8. d4 O-O-O 9. Ne5 Be8 10. Be3 f6 11. Nd3 Qf5 12. b4 e5 13. dxe5 fxe5 14. Qe2
Nf6 15. f3 Bd6 16. Rab1 Qh5 17. g4 Qg6 18. b5 a5 19. Nf2 Bf7 20. Nce4 h5 21. g5
Nxe4 22. Nxe4 Qe6 23. b6 c6 24. c4 Qxc4 25. Qb2 Qb4 26. Qc2 Qc4 27. Qb2 Qb4 28.
Qc2 Qc4 29. Qf2 Bd5 30. Rfc1 Qxa2 31. Qxa2 Bxa2 32. Ra1 Bd5 33. Nxd6+ Rxd6 34.
Rxa5 Rdd8 35. Ra8+ Kd7 36. Ra7 c5 37. Rxc5 Ke6 38. f4 Rhf8 39. Ra4 Rh8 1/2-1/2

[Event "Cracovia 2009"]
[Site "Krakow"]
[Date "2010.01.04"]
[Round "9.7"]
[White "Jerez Perez, Alfonso"]
[Black "Shishkin, Vadim"]
[Result "0-1"]
[WhiteElo "2406"]
[BlackElo "2507"]
[PlyCount "72"]
[EventDate "2009.??.??"]

1. e4 c5 2. c3 d5 3. exd5 Qxd5 4. d4 Nc6 5. Nf3 Bg4 6. Be2 cxd4 7. cxd4 e6 8.
Nc3 Bb4 9. O-O Qa5 10. a3 Bxc3 11. bxc3 Nf6 12. c4 Rd8 13. Bb2 O-O 14. Qb3 Bxf3
15. Qxf3 Nxd4 16. Bxd4 Rxd4 17. Qxb7 Ne4 18. Rfe1 Rfd8 19. Qb5 Qc7 20. Rac1 Rb8
21. Qa4 g6 22. Qc2 Qc5 23. Bf1 f5 24. Qe2 Rbd8 25. Qe3 e5 26. Rc2 a6 27. g3 f4
28. Qf3 Ng5 29. Qg4 e4 30. Bg2 f3 31. h4 Nf7 32. Bh3 Re8 33. Re3 Rd1+ 34. Kh2
Qd4 35. Rec3 Rd2 36. Kg1 Qxf2+ 0-1

[Event "Cracovia 2009"]
[Site "Krakow"]
[Date "2010.01.04"]
[Round "9.8"]
[White "Kalvaitis, Sigitas"]
[Black "Brodowski, Piotr"]
[Result "0-1"]
[WhiteElo "2270"]
[BlackElo "2425"]
[PlyCount "44"]
[EventDate "2009.??.??"]

1. e4 c5 2. Nf3 Nc6 3. Bb5 g6 4. Bxc6 dxc6 5. d3 Bg7 6. O-O e5 7. Be3 b6 8. h3
Ne7 9. Nc3 O-O 10. Qd2 f6 11. Ne2 Qd6 12. Nh2 f5 13. f4 Ba6 14. exf5 Nxf5 15.
fxe5 Qxe5 16. Ng4 Qxb2 17. Rab1 Qxa2 18. Nh6+ Nxh6 19. Bxh6 Bxh6 20. Qxh6 Bxd3
21. cxd3 Qxe2 22. Rbe1 Qxd3 0-1

[Event "Cracovia 2009"]
[Site "Krakow"]
[Date "2010.01.04"]
[Round "9.9"]
[White "Fraczek, Daniel"]
[Black "Kaim, Piotr"]
[Result "1-0"]
[WhiteElo "2371"]
[BlackElo "2284"]
[PlyCount "197"]
[EventDate "2009.??.??"]

1. d4 d5 2. Nf3 c6 3. c4 dxc4 4. e4 b5 5. Nc3 Nf6 6. e5 Nd5 7. Be2 e6 8. O-O
Be7 9. a4 O-O 10. Ne4 a5 11. Bd2 Nd7 12. Qc2 Nb4 13. Qc1 Nb6 14. Nc5 Bxc5 15.
dxc5 Nxa4 16. Bxc4 bxc4 17. Rxa4 Nd3 18. Qc2 Qd5 19. Bc3 Nxc5 20. Rd1 Nd3 21.
b3 cxb3 22. Qxd3 Qxd3 23. Rxd3 Ba6 24. Rd2 Bb5 25. Rxa5 Rxa5 26. Bxa5 c5 27. h3
Bc6 28. Bc3 Bd5 29. Kf1 Ra8 30. Ke2 Ra4 31. Ne1 g5 32. f3 h5 33. Ke3 g4 34.
hxg4 hxg4 35. Nd3 Rc4 36. Bb2 Kg7 37. Nf4 Bc6 38. Ne2 Kg6 39. Nc3 Kf5 40. Rd6
Ba8 41. Ra6 Bb7 42. Ra7 Rb4 43. Ra4 gxf3 44. gxf3 Rd4 45. Rxd4 cxd4+ 46. Kxd4
Bxf3 47. Nb5 Bh5 48. Ke3 Kg5 49. Nd6 Bg6 50. Ne4+ Kg4 51. Nf6+ Kg5 52. Kd4 Bc2
53. Kc5 Kg6 54. Kd6 Kg7 55. Ke7 Bd3 56. Ne8+ Kg8 57. Ba3 Be2 58. Kf6 Bd3 59.
Nd6 Bg6 60. Nc8 Bh5 61. Ne7+ Kh7 62. Bc1 Kh8 63. Kg5 Kg7 64. Kxh5 f6 65. Nc6
fxe5 66. Bb2 Kf7 67. Bxe5 Ke8 68. Na5 Kd7 69. Nxb3 Kc6 70. Kg5 Kd5 71. Kf4 Kc4
72. Nd4 Kd5 73. Nf3 Kc4 74. Ke4 Kc5 75. Ng5 Kc6 76. Kd4 Kb5 77. Nxe6 Kc6 78.
Nc5 Kb6 79. Kd5 Ka7 80. Kc6 Ka8 81. Bc7 Ka7 82. Bb6+ Kb8 83. Ne6 Ka8 84. Nc7+
Kb8 85. Bc5 Kc8 86. Ba7 Kd8 87. Nd5 Kc8 88. Ne7+ Kd8 89. Kd6 Ke8 90. Ke6 Kd8
91. Bb6+ Ke8 92. Nf5 Kf8 93. Bc7 Ke8 94. Ng7+ Kf8 95. Kf6 Kg8 96. Kg6 Kf8 97.
Bd6+ Kg8 98. Nf5 Kh8 99. Bc5 1-0

[Event "Cracovia 2009"]
[Site "Krakow"]
[Date "2010.01.04"]
[Round "9.10"]
[White "Nguyen, Piotr"]
[Black "Skawinski, Arkadiusz"]
[Result "1-0"]
[WhiteElo "2353"]
[BlackElo "2206"]
[PlyCount "49"]
[EventDate "2009.??.??"]

1. d4 d5 2. Bg5 Nf6 3. e3 h6 4. Bxf6 gxf6 5. c4 c6 6. Nc3 e6 7. Nf3 a6 8. c5 e5
9. Qc2 Bg4 10. Be2 Nd7 11. O-O-O b6 12. cxb6 Qxb6 13. e4 dxe4 14. Nxe4 f5 15.
Ng3 Bxf3 16. Bxf3 e4 17. Be2 Qa5 18. Bc4 Bd6 19. Bb3 O-O 20. Kb1 Rac8 21. f3 c5
22. Nxf5 cxd4 23. Qxe4 Nf6 24. Nxh6+ Kg7 25. Nf5+ 1-0

[Event "Cracovia 2009"]
[Site "Krakow"]
[Date "2010.01.04"]
[Round "9.11"]
[White "Vlcek, Stanislav"]
[Black "Sliwerski, Radoslaw"]
[Result "1/2-1/2"]
[WhiteElo "2286"]
[BlackElo "2157"]
[PlyCount "67"]
[EventDate "2009.??.??"]

1. c4 e5 2. g3 Nf6 3. Bg2 d5 4. cxd5 Nxd5 5. Nc3 Nb6 6. Nf3 Nc6 7. O-O Be7 8.
a3 O-O 9. b4 Be6 10. Rb1 f6 11. Ne4 Rb8 12. Nc5 Bd5 13. d3 a5 14. e4 Bf7 15.
Be3 axb4 16. axb4 Nd7 17. Qc2 Nxc5 18. bxc5 Qd7 19. Rfd1 Rfd8 20. d4 exd4 21.
Nxd4 Nxd4 22. Rxd4 Qe6 23. Rd5 Qc6 24. Rxd8+ Rxd8 25. e5 Bd5 26. exf6 Bxf6 27.
Bxd5+ Rxd5 28. Qa2 Kf8 29. Qa8+ Rd8 30. Qa5 Be7 31. Rc1 Rd5 32. Qa8+ Kf7 33.
Qa2 Kf8 34. Qa8+ 1/2-1/2

[Event "Cracovia 2009"]
[Site "Krakow"]
[Date "2010.01.04"]
[Round "9.12"]
[White "Llaneza Vega, Patricia"]
[Black "Andrenko, Irina"]
[Result "1/2-1/2"]
[WhiteElo "2276"]
[BlackElo "2154"]
[PlyCount "65"]
[EventDate "2009.??.??"]

1. e4 c5 2. Nc3 d6 3. f4 Nc6 4. Nf3 g6 5. Bc4 Bg7 6. O-O e6 7. f5 gxf5 8. exf5
d5 9. fxe6 fxe6 10. Bb5 Bd7 11. Bxc6 Bxc6 12. Qe2 Qe7 13. d4 O-O-O 14. dxc5
Qxc5+ 15. Kh1 Re8 16. Bf4 Nh6 17. Ne5 Nf5 18. Nxc6 Qxc6 19. Nb5 Kd7 20. Nxa7
Qc5 21. Nb5 Rhg8 22. c4 Qxc4 23. Qxc4 dxc4 24. Nc7 Rc8 25. Rad1+ Kc6 26. Nxe6
Bxb2 27. Bc1 Bxc1 28. Rxc1 Nd6 29. Nd4+ Kc5 30. Rfd1 b5 31. Ne6+ Kc6 32. Nd4+
Kc5 33. Ne6+ 1/2-1/2

[Event "Cracovia 2009"]
[Site "Krakow"]
[Date "2010.01.04"]
[Round "9.13"]
[White "Bakalarz, Leszek"]
[Black "Gbyl, Andrzej"]
[Result "0-1"]
[WhiteElo "2137"]
[BlackElo "2270"]
[PlyCount "76"]
[EventDate "2009.??.??"]

1. e4 e6 2. d4 d5 3. Nd2 Nf6 4. e5 Nfd7 5. Bd3 c5 6. c3 Nc6 7. Ne2 cxd4 8. cxd4
f6 9. exf6 Nxf6 10. O-O Bd6 11. f4 O-O 12. Nf3 Qb6 13. Kh1 Bd7 14. a3 Na5 15.
b4 Nc4 16. Rb1 Qc7 17. a4 a6 18. Qb3 b5 19. a5 Rac8 20. h3 Ne4 21. Bxe4 dxe4
22. Ng5 Qb7 23. Ng3 Bc6 24. Nxe6 Bd5 25. Nxf8 Nd2 26. Qb2 Nxf1 27. Nxf1 Rxf8
28. Qf2 Bc4 29. Bd2 Qe7 30. h4 Bd3 31. Rc1 Bxb4 32. Rc6 Bxd2 33. Nxd2 e3 34.
Qe1 exd2 35. Qxd2 Qxh4+ 36. Kg1 Re8 37. Rc1 Bc4 38. d5 Re2 0-1

[Event "Cracovia 2009"]
[Site "Krakow"]
[Date "2010.01.04"]
[Round "9.14"]
[White "Toma, Katarzyna"]
[Black "Duda, Jan-Krzysztof"]
[Result "0-1"]
[WhiteElo "2233"]
[BlackElo "2079"]
[PlyCount "96"]
[EventDate "2009.??.??"]

1. e4 e5 2. Nf3 Nc6 3. Bb5 a6 4. Ba4 Nf6 5. Qe2 b5 6. Bb3 Be7 7. c3 O-O 8. O-O
d6 9. Rd1 Na5 10. Bc2 c5 11. d3 Nc6 12. Nbd2 Qc7 13. Nf1 Re8 14. Ne3 Bf8 15. h3
Be6 16. Ng5 d5 17. Nxe6 fxe6 18. Ng4 Nxg4 19. Qxg4 Qf7 20. f4 h5 21. Qg3 Bd6
22. Rf1 Rf8 23. f5 Ne7 24. f6 Qg6 25. Qh4 gxf6 26. Bd1 f5 27. Bg5 Qh7 28. Bf6
Qf7 29. Bxe7 Bxe7 30. Qg3+ Qg7 31. Qxg7+ Kxg7 32. Bxh5 c4 33. dxc4 fxe4 34.
cxb5 axb5 35. a3 Bc5+ 36. Kh1 Bf2 37. Be2 d4 38. Bxb5 Rad8 39. Rfd1 d3 40. a4
Ba7 41. Rd2 Be3 42. Rdd1 Ba7 43. Rd2 Rf2 44. Rxf2 Bxf2 45. g4 e3 46. Kg2 e4 47.
a5 Bh4 48. a6 e2 0-1

[Event "Cracovia 2009"]
[Site "Krakow"]
[Date "2010.01.04"]
[Round "9.16"]
[White "Wcislo, Damian"]
[Black "Pietruszewski, Marcin"]
[Result "1-0"]
[WhiteElo "2220"]
[BlackElo "2071"]
[PlyCount "51"]
[EventDate "2009.??.??"]

1. d4 d5 2. c4 c6 3. Nc3 Nf6 4. e3 a6 5. Nf3 b5 6. b3 Bg4 7. Be2 Nbd7 8. O-O e6
9. h3 Bh5 10. Bb2 Bd6 11. Ne5 Bxe2 12. Nxe2 Qc7 13. cxd5 cxd5 14. Rc1 Qb8 15.
Nxd7 Kxd7 16. f3 Qb7 17. Qd3 Ke7 18. Rc2 Rhc8 19. Rfc1 Rxc2 20. Rxc2 Rc8 21.
Rxc8 Qxc8 22. e4 Bb4 23. e5 Ne8 24. a3 Ba5 25. Qxh7 g6 26. Bc1 1-0

[Event "Cracovia 2009"]
[Site "Krakow"]
[Date "2010.01.04"]
[Round "9.17"]
[White "Sadzikowski, Daniel"]
[Black "Veltkamp, Gerben"]
[Result "0-1"]
[WhiteElo "2287"]
[BlackElo "2166"]
[PlyCount "55"]
[EventDate "2009.??.??"]

1. e4 e5 2. Nf3 Nc6 3. Bb5 f5 4. d3 Nf6 5. O-O fxe4 6. dxe4 Bc5 7. Bxc6 bxc6 8.
Nxe5 O-O 9. Nc3 Ba6 10. Nd3 Bd4 11. Ne2 Bb6 12. Ng3 d5 13. Bg5 h6 14. Bxf6 Qxf6
15. Qd2 dxe4 16. Nxe4 Qd4 17. Rfe1 Rae8 18. Qb4 Bc4 19. Nec5 Rxe1+ 20. Rxe1
Rxf2 21. Nxf2 Bxc5 22. Re8+ Kf7 23. Qe1 Qxf2+ 24. Kh1 Qxc2 25. Rc8 Bd5 26.
Rxc7+ Kg8 27. Rc8+ Kh7 28. Qf1 0-1

[Event "Cracovia 2009"]
[Site "Krakow"]
[Date "2010.01.04"]
[Round "9.18"]
[White "Iwanow, Anna"]
[Black "Bartel, Michal"]
[Result "1/2-1/2"]
[WhiteElo "2026"]
[BlackElo "2234"]
[PlyCount "44"]
[EventDate "2009.??.??"]

1. e4 e5 2. Nf3 Nc6 3. Bb5 a6 4. Ba4 Nf6 5. O-O Be7 6. Re1 b5 7. Bb3 d6 8. c3
O-O 9. h3 Nb8 10. d4 Nbd7 11. Nbd2 Bb7 12. Bc2 Re8 13. Nf1 Bf8 14. Ng3 g6 15.
a4 Bg7 16. d5 Qb8 17. b3 c6 18. c4 bxc4 19. bxc4 Nc5 20. a5 Qc7 21. Be3 Nfd7
22. Ra3 Rec8 1/2-1/2

[Event "Cracovia 2009"]
[Site "Krakow"]
[Date "2010.01.04"]
[Round "9.19"]
[White "Jussupow, Alexander"]
[Black "Matras-Clement, Agnieszka"]
[Result "1/2-1/2"]
[WhiteElo "2110"]
[BlackElo "2231"]
[PlyCount "69"]
[EventDate "2009.??.??"]

1. d4 d5 2. Nf3 Nf6 3. e3 c6 4. c4 Bf5 5. cxd5 cxd5 6. Qb3 Bc8 7. Nc3 e6 8.
Bb5+ Nc6 9. Bd2 Bd6 10. Rc1 O-O 11. O-O Bd7 12. Bd3 a6 13. e4 Nb4 14. Bb1 dxe4
15. Nxe4 Nxe4 16. Bxe4 Nd5 17. Bg5 Qb8 18. Rfe1 h6 19. Bh4 Bf4 20. Rc2 Bc6 21.
Ne5 Rc8 22. Bg3 Bxg3 23. hxg3 Qd6 24. a3 b5 25. Qf3 Be8 26. Rec1 Rxc2 27. Rxc2
Rd8 28. Rc6 Qe7 29. Bxd5 Rxd5 30. Rc8 a5 31. Qc3 Rd8 32. Nc6 Bxc6 33. Qxc6 Rxc8
34. Qxc8+ Kh7 35. Qc5 1/2-1/2

[Event "Cracovia 2009"]
[Site "Krakow"]
[Date "2010.01.04"]
[Round "9.20"]
[White "Barski, Radoslaw"]
[Black "Wiewiora, Eneasz"]
[Result "1-0"]
[WhiteElo "2206"]
[BlackElo "2023"]
[PlyCount "69"]
[EventDate "2009.??.??"]

1. e4 e5 2. Nf3 Nc6 3. Bb5 a6 4. Ba4 Nf6 5. O-O b5 6. Bb3 Be7 7. Re1 d6 8. c3
O-O 9. d4 Bg4 10. Be3 Re8 11. Nbd2 Bf8 12. h3 Bh5 13. d5 Na5 14. Bc2 Bxf3 15.
Qxf3 c5 16. b4 Nb7 17. a4 Qc7 18. Rec1 Rec8 19. Qe2 c4 20. Ra3 Nd8 21. Rca1 Qb7
22. Qd1 Rcb8 23. R1a2 Ne8 24. Qa1 Nc7 25. Nb1 a5 26. axb5 axb4 27. Rxa8 Rxa8
28. Rxa8 Nxa8 29. cxb4 f5 30. exf5 Nc7 31. Qa5 Be7 32. Nc3 Na8 33. b6 Kf7 34.
Nb5 Qb8 35. Nc7 1-0